Do you know your dank memes? - Statistics

General Stats
  • This quiz has been taken 778 times
  • The average score is 3 of 5
Answer Stats
Hint Answer % Correct
dog Doge
85%
green emo frog Pepe
84%
frog on a unicycle Dat Boi
77%
IdubbzTV I'm Gay
55%
IdubbzTV I have crippling depression
33%
No matching quizzes found
Score Distribution
Percent of People with Each Score
Percentile by Number Answered
Your Score History
You have not taken this quiz